Progresívne hybridné superkapacitory s vysokou hustotou energie
Na minha lista:
| Autor principal: | |
|---|---|
| Outros Autores: | |
| Formato: | Manuscrito Livro |
| Idioma: | eslovaco |
| Publicado em: |
Bratislava :
STU v Bratislave FEI,
2023
|
| Assuntos: | |
| Acesso em linha: | https://opac.crzp.sk/?fn=detailBiblioFormChildAONA8&sid=08878EB2E7E37CD0909277C0752B&seo=CRZP-detail-kniha |
| Tags: |
Sem tags, seja o primeiro a adicionar uma tag!
|
MARC
| LEADER | 00000ntm a22000003a 4500 | ||
|---|---|---|---|
| 001 | stuzp91924 | ||
| 003 | SK-STU | ||
| 005 | 20241114131922.8 | ||
| 007 | ta | ||
| 008 | 150427s2015----xo-----f-mn---000-0-slo-d | ||
| 040 | |a STU |b slo | ||
| 041 | 0 | |a slo | |
| 044 | |a xo | ||
| 100 | 1 | |a Husár, Marcel |u 033000 |4 aut |U FEI Fakulta elektrotechniky a informatiky |T FEI Ústav elektroniky a fotoniky |X 111071 |U E030 |Y 549 |7 111071 | |
| 242 | 0 | 1 | |a Progressive hybrid supercapacitors with high energy density |y eng |
| 245 | 1 | 0 | |a Progresívne hybridné superkapacitory s vysokou hustotou energie |
| 260 | |a Bratislava : |b STU v Bratislave FEI, |c 2023 | ||
| 300 | |a 62 s. | ||
| 650 | 4 | |a superkapacitor |2 slo | |
| 650 | 4 | |a špecifická kapacita |2 slo | |
| 650 | 4 | |a disulfid molybdéničitý |2 slo | |
| 650 | 4 | |a doctor blade |2 slo | |
| 650 | 4 | |a supercapacitor |2 eng | |
| 650 | 4 | |a specific capacitance |2 eng | |
| 650 | 4 | |a molybdenum disulfide |2 eng | |
| 650 | 4 | |a doctor blade |2 eng | |
| 700 | 1 | |a Ondrejka, Peter |u 033000 |k Z2 |4 ths |U FEI Fakulta elektrotechniky a informatiky |T FEI Ústav elektroniky a fotoniky |X 75066 |U E030 |Y 549 |7 75066 | |
| 856 | 4 | |u https://opac.crzp.sk/?fn=detailBiblioFormChildAONA8&sid=08878EB2E7E37CD0909277C0752B&seo=CRZP-detail-kniha | |